Basic Chemistry for Class 12 (Record no. 1210)

MARC details
000 -LEADER
fixed length control field 00433nam a22001697a 4500
005 - DATE AND TIME OF LATEST TRANSACTION
control field 20160520135850.0
008 - FIXED-LENGTH DATA ELEMENTS--GENERAL INFORMATION
fixed length control field 160520b xxu||||| |||| 00| 0 eng d
020 ## - INTERNATIONAL STANDARD BOOK NUMBER
ISBN 978-93-5027-022-6
041 ## - LANGUAGE CODE
Language code of text/sound track or separate title eng
082 ## - DEWEY DECIMAL CLASSIFICATION NUMBER
Item number 3569
100 ## - MAIN ENTRY--AUTHOR NAME
Personal name Ojha N. Chowdhury S & Vaijayanthi B
245 ## - TITLE STATEMENT
Title Basic Chemistry for Class 12
260 ## - PUBLICATION, DISTRIBUTION, ETC. (IMPRINT)
Name of publisher Bharti Bhawan Pub.
Year of publication 2011
300 ## - PHYSICAL DESCRIPTION
Number of Pages 512
650 ## - SUBJECT ADDED ENTRY--TOPICAL TERM
Topical Term DIPLOMA ENGINEERING
942 ## - ADDED ENTRY ELEMENTS (KOHA)
Koha item type Books
Holdings
Lost status Damaged status Collection code Home library Current library Shelving location Date acquired Source of acquisition Cost, normal purchase price Full call number Accession Number Koha item type
    PARAMEDICAL JRU Library JRU Library SHELF-56-G 20/05/2016 PURCHASE 300.00 540 3569 Books
    MANAGEMENT JRU Library JRU Library SHELF-56-G 20/05/2016 PURCHASE 300.00 3569 3570 Books
    PARAMEDICAL JRU Library JRU Library SHELF-104-A 20/05/2016 PURCHASE 300.00 540 3571 Books
    MANAGEMENT JRU Library JRU Library SHELF-56-G 20/05/2016 PURCHASE 300.00 3569 3572 Books
    MANAGEMENT JRU Library JRU Library SHELF-56-G 20/05/2016 PURCHASE 300.00 3569 3573 Books
    MANAGEMENT JRU Library JRU Library SHELF-56-G 20/05/2016 PURCHASE 300.00 3569 3574 Books